Vehicle for change (Record no. 66613)
[ view plain ]
| 000 -LEADER | |
|---|---|
| fixed length control field | 01028cam a2200217 4500 |
| 001 - CONTROL NUMBER | |
| control field | ABS63651 |
| 008 - FIXED-LENGTH DATA ELEMENTS--GENERAL INFORMATION | |
| fixed length control field | 000000n2001 000 0 eng u |
| 035 ## - SYSTEM CONTROL NUMBER | |
| System control number | (Sirsi) u111794 |
| 100 ## - MAIN ENTRY--PERSONAL NAME | |
| Personal name | Mosey, D. |
| 245 ## - TITLE STATEMENT | |
| Title | Vehicle for change |
| 260 ## - PUBLICATION, DISTRIBUTION, ETC. | |
| Date of publication, distribution, etc. | 2001 |
| 490 ## - SERIES STATEMENT | |
| Series statement | Building |
| Volume/sequential designation | 266(8178) 30 March 2001, 54(1) |
| 520 ## - SUMMARY, ETC. | |
| Summary, etc. | Counters criticisms of PPC2000, which merges partnering agreements and building contracts into one document. Argues that it describes the project-partnering process in accessible language, and clarifies the nature of each party's duties, and when these should be done. Rejects the claim that PPC2000 is only suitable for housing associations and the public sector. Notes that it is already being used by teams that include clients such as British Aerospace and private developers. |
| 590 ## - LOCAL NOTE (RLIN) | |
| Local note | ABS |
| 650 ## - SUBJECT ADDED ENTRY--TOPICAL TERM | |
| Topical term or geographic name entry element | PPC 2000 |
| 650 ## - SUBJECT ADDED ENTRY--TOPICAL TERM | |
| Topical term or geographic name entry element | PARTNERING |
| 650 ## - SUBJECT ADDED ENTRY--TOPICAL TERM | |
| Topical term or geographic name entry element | BUILT ENVIRONMENT-BUILDING CONTRACT FORMS |
| 650 ## - SUBJECT ADDED ENTRY--TOPICAL TERM | |
| Topical term or geographic name entry element | CONSTRUCTION INDUSTRY COUNCIL |
| 690 ## - LOCAL SUBJECT ADDED ENTRY--TOPICAL TERM (OCLC, RLIN) | |
| Topical term or geographic name as entry element | Procurement |
| 9 (RLIN) | 6260 |
| 942 ## - ADDED ENTRY ELEMENTS (KOHA) | |
| Suppress in OPAC | 0 |
| Withdrawn status | Lost status | Source of classification or shelving scheme | Damaged status | Not for loan | Home library | Current library | Shelving location | Date acquired | Total Checkouts | Full call number | Barcode | Date last seen | Copy number | Price effective from | Koha item type |
|---|---|---|---|---|---|---|---|---|---|---|---|---|---|---|---|
| Dewey Decimal Classification | London | London | Journal article | 03/04/2001 | ABS63651 | 111794-1001 | 06/08/2019 | 1 | 06/08/2019 | Journal article |